000 00551pab a2200193 454500
008 180718b2014 xxu||||| |||| 00| 0 eng d
100 _aKetelaars, Pauline
245 _aDegree of frame alignment: Comparing organisers' and participants' frames in 29 demonstration in three countries
260 _c2014
300 _ap.504-524.
362 _aNov
650 _aDemonstrations
650 _aProtest movements
700 _aWouters, Ruud
700 _aWalgrave, Stefaan
773 _aInternational Sociology
908 _aN
909 _a106013
999 _c106008
_d106008